| 000 | 00872nam a2200217 a 4500 | ||
|---|---|---|---|
| 001 | 000555527 | ||
| 003 | AM-YeHGA | ||
| 005 | 20250617140159.0 | ||
| 008 | 071030s1878 ||| r 000 0 rus d | ||
| 040 | _aAM-YeHGA | ||
| 041 | 1 | _arus | |
| 100 | 1 | _aБлэкки, Джон Стюарт | |
| 245 | 1 | 0 |
_aЧетыре фазиса нравственности : _bСократ, Аристотель, христианство и утилитаризм / _cСоч. Джона Стюарта Блэкки, проф. греч. словесности в Эдинбург. ун-те. |
| 260 |
_aМосква : _bИзд. К.Т. Солдатенкова, _c1878. |
||
| 300 | _a238 с. | ||
| 600 | 0 | 4 |
_aСократ _d469-399 до н.э |
| 600 | 0 | 4 |
_aАристотель _d384-322 до н. э |
| 653 | 0 | _aНравственность | |
| 653 | 0 | _aЭтика | |
| 090 | _c216544 | ||
| 999 |
_c215027 _d215027 |
||